000 00566nam a2200229Ia 4500
003 OSt
005 20221005125555.0
006 a|||||r|||| 00| 0
007 ta
008 221004b |||||||| |||| 00| 0 eng d
024 _a57197
037 _cTextual
040 _aCRL
_cCRL
_beng
041 _2eng
_aeng
082 _aV2:1:N5z7, J6
100 _aPrabodh Chandra Ed.
_9636845
245 0 _aPilgrim's progress
260 _c1956
650 _aHISTORY
942 _hV2:1:N5z7, J6
_cTEXL
_2cc
999 _c1054398
_d1054398